1025 1358 1133 1503 1462 1522 1668 1225 1149 1993 1012 1907 1983 1322 1844 1529 1237 1245 1770 1603 1314 1910 1678 1206 1928 1825 1007 1195 1001 1234 1100 1714 1651 1709 1707 1652 1436 1003 1697 1941 1409 1564 1497 1406 1276 1344 1404 1715 1016 1476 1734 1745 1689 1284 1959 1010 1991 1785 1333 1987 1832 1987 1388 1290 1124 1128 1894 1028 1621 1970 1537 1947 1554 1015 1922 1496 1332 1989 1183 1124 1045 1166 1125 1522 1507 1325 1471 1572 1002 1912 1590 1678 1891 1641 1946 1382 1017 1931 1744 BCNSPRNW ULIB Ver.6.0+V

เปลี่ยนเป็นภาษาไทย

Change to English
 แสดงรายละเอียดบรรณานุกรม
  กลับหน้าหลัก

Brief Record : Get Marc (ISO 2709) : E-mail record : QR code < ปิดหน้าต่าง
LEADER : 00000nam 2200000uu 4500
001    13399111429
003     ULIB
008    110624s||||||||th 000 0 tha d
020    9786117115004
050  4 BQ4190^bศ722ป ล.3 2552
100 0  ศุภวรรณ พิพัฒพรรณวงศ์ กรีน
245 10 ปฏิบัติการไล่หนูออกจากบ้าน ;^nเล่ม 3 /^cศุภวรรณ พิพัฒพรรณวงศ์ กรีน ;[เรียบเรียงโดย ส้มซ่า]
250    พิมพ์ครั้งที่ 1
260    กรุงเทพฯ:^bฟรีมายด์,^c2552
300    149, [3] หน้า :^bภาพประกอบ ;^c21 ซม
440  0 ชุดการ์ตูนธรรมะ
650  7 สติปัฎฐานสี่
650  7 วิปัสสนา
945    ^p140^l0^i026444
995    ทศพร
999 ^a ใช้งานได้ทุกระบบ
รายการนี้ยังไม่มีแท็ก
คุณยังไม่ได้ล็อกอิน คุณสามารถมีกิจกรรมร่วมกับเว็บไซต์ได้ แต่ต้องล็อกอินก่อน ::
  ล็อกอิน

รายการสื่อสารสนเทศ

ลำดับที่ ประเภท เลขเรียก/บาร์โค้ด สถานที่ สถานะ
- ไม่พบข้อมูล -

รายการใกล้เคียง
    ผู้แต่ง [ศุภวรรณ พิพัฒพรรณวงศ์ กรีน]

    หัวเรื่อง [สติปัฎฐานสี่]
    หัวเรื่อง [วิปัสสนา]

BibComment


ยังไม่เคยถูกคอมเมนท์

คอมเมนท์ทรัพยากรรายการนี้
  คอมเมนท์: ปฏิบัติการไล่หนูอ..


 Copyright 2026. Bcnsprnw @Library